Network management standards : (رقم التسجيلة. 31982)

تفاصيل مارك
000 -الفاتح
حقل البيانات ثابتة الطول 00991cam a2200289 a 4500
001 - رقم الضبط
رقم الضبط 652878
003 - محدد رقم الضبط
رقم الضبط OSt
005 - وقت وتاريخ اخر تعامل مع التسجيلة
رقم الضبط 20150408114150.0
008 - عناصر البيانات ثابتة الطول - معلومات عامة
حقل البيانات ثابتة الطول 940616s2013 nyua 001 0 eng
010 ## - رقم ضبط مكتبة الكونجرس
رقم ضبط مكتبة الكونجرس 94022288
020 ## - الرقم الدولى المعيارى للكتب
الرقم الدولى المعيارى للكتاب 9781587142734:
شروط الاتاحة $50.00
040 ## - مصدر الفهرسة
وكالة الفهرسة الأصلية DLC
وكالة النسخ DLC
وكالة التعديل DLC
050 00 - رقم طلب مكتبة الكونجرس
رقم التصنيف TK5105.5
رقم المادة .B5653 1995
082 00 - رقم تصنيف ديوى العشرى
رقم التصنيف 004.62
رقم الطبعة 22
رقم المادة WRN
100 1# - المدخل الرئيسى - إسم شخصى
الإسم الشخصى Wolter, Ralf
9 (RLIN) 39569
245 10 - بيان العنوان
العنوان Network management standards :
بقية العنوان Accounting and performance strategies /
بيان المسئوليه,etc Ralf Wolter
250 ## - بيان الطبعة
بيان الطبعة 2nd ed.
260 ## - PUBLICATION, DISTRIBUTION, ETC. (IMPRINT)
مكان الناشر او الموزع New York :
اسم الناشر او الموزع McGraw-Hill,
تاريخ النشر أو التوزيع 2013
300 ## - الوصف المادى
التعداد xvi, 351 p. :
تفاصيل ماديه اخرى للوعاء ill. ;
أبعاد الوعاء 24 cm.
440 #0 - بيان السلسلة/مدخل إضافى-العنوان
العنوان McGraw-Hill series on computer communications
9 (RLIN) 39570
500 ## - تبصرة عامة
تبصرة عامة Includes index.
650 #0 - المدخل الاضافى بالموضوع-مصطلح موضوعى
مصطلح موضوعي أو اسم جغرافي كعنصر مدخل Computer networks
التقسيم الفرعي العام Management.
9 (RLIN) 3532
650 #0 - المدخل الاضافى بالموضوع-مصطلح موضوعى
مصطلح موضوعي أو اسم جغرافي كعنصر مدخل Computer network protocols
التقسيم الفرعي العام Standards.
9 (RLIN) 39571
906 ## - عنصر بيانات محلى F, LDF (RLIN)
a 7
b cbc
c orignew
d 1
e ocip
f 19
g y-gencatlg
942 ## - عناصر المدخل الإضافي( كوها)
مصدر التصنيف او مخطط الترفيف Dewey Decimal Classification
Koha [default] item type كتاب
المقتنيات
حالة الفقد نموذج السعر الفعال حالة تلف ليس للاعارة رقم الطلب تاريخ الاكتساب الموقع الحالي الباركود الفرع الرئيسي Date last seen نوع المادة فى نظام كوها مصدر التصنيف او خطة الترفيف Total Checkouts
  2013-11-13     004.62 WRN 2013-11-13 المكتبة المركزية بالمجمعة (CL) 00651502 المكتبة المركزية بالمجمعة (CL) 2013-11-13 كتاب Dewey Decimal Classification  
  2013-11-13     004.62 WRN 2013-11-13 المكتبة المركزية بالمجمعة (CL) 00651503 المكتبة المركزية بالمجمعة (CL) 2013-11-13 كتاب Dewey Decimal Classification  
  2013-11-13     004.62 WRN 2013-11-13 المكتبة المركزية بالمجمعة (CL) 00651504 المكتبة المركزية بالمجمعة (CL) 2013-11-13 كتاب Dewey Decimal Classification  
  2013-11-13     004.62 WRN 2013-11-13 مكتبة مجمع الكليات بالزلفى - طلاب (SZM) 00651505 مكتبة مجمع الكليات بالزلفى - طلاب (SZM) 2013-11-13 كتاب Dewey Decimal Classification  
  2013-11-13     004.62 WRN 2013-11-13 مكتبة مجمع الكليات بالزلفى - طلاب (SZM) 00651506 مكتبة مجمع الكليات بالزلفى - طلاب (SZM) 2013-11-13 كتاب Dewey Decimal Classification  
  2013-11-13     004.62 WRN 2013-11-13 مكتبة مجمع الكليات بالزلفى - طلاب (SZM) 00651507 مكتبة مجمع الكليات بالزلفى - طلاب (SZM) 2013-11-13 كتاب Dewey Decimal Classification